003190000a2200121000450000500170000010000210001724500460003826000390008430000110012304000080013436500130014265000420015520120302062657.0 a DR.KATE SWAMIJI a KAT ? SAMBHOGATUN SAMADHI ?? ( KHAND I ) aPUNE : JEEVAN JAGRUTI KENDRA ,1988 a146 P. aMAR bRS.40 /- aSAMADHI / KATE SWAMI / OSHO / RAJNISH